Bangladesh agricultural bibliography (1975 - 1982)

Saved in:
Bibliographic Details
Format: Book
Language:Undetermined
Published: Laguna, Philippines Agricultural information bank for Asia [1983]
Subjects:
Tags: Add Tag
No Tags, Be the first to tag this record!
Institutions: Trung tâm Học liệu Trường Đại học Cần Thơ
LEADER 00679nam a2200181Ia 4500
001 CTU_122807
008 210402s9999 xx 000 0 und d
082 |a 016.63 
082 |b B216 
245 0 |a Bangladesh agricultural bibliography (1975 - 1982) 
245 0 |c Edited by Benefa M. Dayao ; 1983 compiled by Bangladesh Agricultural Research Council and Bangladesh National Scientific and Technological Documentation Center 
260 |a Laguna, Philippines 
260 |b Agricultural information bank for Asia 
260 |c [1983] 
650 |a Agriculture 
650 |z Bangladesh 
904 |i Hiếu, Huỳnh Mai 
980 |a Trung tâm Học liệu Trường Đại học Cần Thơ